Selected chapters from Business statistics: Communicating with Numbers (Record no. 49950)

MARC details
000 -LEADER
fixed length control field 00416nam a22001337a 4500
008 - FIXED-LENGTH DATA ELEMENTS--GENERAL INFORMATION
fixed length control field 170411b xxu||||| |||| 00| 0 eng d
020 ## - INTERNATIONAL STANDARD BOOK NUMBER
International Standard Book Number 9781121936089
050 ## - LIBRARY OF CONGRESS CALL NUMBER
Classification number HF1017
Item number .J34 2014
245 ## - TITLE STATEMENT
Title Selected chapters from Business statistics: Communicating with Numbers
Statement of responsibility, etc by Sanjiv Jaggia and Alison Kelly
260 ## - PUBLICATION, DISTRIBUTION, ETC. (IMPRINT)
Place of publication, distribution, etc USA
Name of publisher, distributor, etc McGrawHill
Date of publication, distribution, etc 2014
300 ## - PHYSICAL DESCRIPTION
Extent iv,422
Dimensions 29cm
500 ## - GENERAL NOTE
General note includes index
942 ## - ADDED ENTRY ELEMENTS (KOHA)
Source of classification or shelving scheme Library of Congress Classification
Item type Book
Holdings
Withdrawn status Lost status Source of classification or shelving scheme Damaged status Not for loan Collection code Home library Current library Shelving location Date acquired Source of acquisition Cost, normal purchase price Full call number Barcode Copy number Price effective from Koha item type Total Checkouts
    Library of Congress Classification     Non-fiction Nairobi Campus Nairobi Campus General Circulation 11/04/2017 Donation-BFA 3000.00 HF1017 .J34 2014 052542 1 11/04/2017 Book  
    Library of Congress Classification     Non-fiction Nakuru Campus Nakuru Campus General Circulation 11/04/2017 Donation-BFA 3000.00 HF1017 .J34 2014 052543 2 11/04/2017 Book